书目信息 |
| 题名: |
人权与教育
|
|
| 作者: | 湛卫清 著 | |
| 分册: | ||
| 出版信息: | 北京 北京师范大学出版社 2009 |
|
| 页数: | 233页 | |
| 开本: | 23cm | |
| 丛书名: | 京师教育哲学论丛 | |
| 单 册: | ||
| 中图分类: | D082 , G40-05 | |
| 科图分类: | ||
| 主题词: | 人权--关系--教育--研究 , 人权 , 教育 | |
| 电子资源: | ||
| ISBN: | 978-7-303-10188-7 | |
| 000 | 00957oam2 2200301 45 | |
| 001 | 1029823167 | |
| 005 | 20100428143704.57 | |
| 010 | @a978-7-303-10188-7@dCNY28.00 | |
| 100 | @a20100419d2009 em y0chiy50 ea | |
| 101 | 0 | @achi |
| 102 | @aCN@b110000 | |
| 105 | @ay z 000yy | |
| 106 | @ar | |
| 200 | 1 | @a人权与教育@ARen Quan Yu Jiao Yu@dHuman rights and education@f湛卫清著@FZhan Wei Qing Zhu@zeng |
| 210 | @a北京@c北京师范大学出版社@d2009 | |
| 215 | @a233页@d23cm | |
| 225 | 2 | @a京师教育哲学论丛 |
| 330 | @a本书以教育现场为对象,从人权的视野讨论教育范围的人权问题,并期望更多的人权能够落实到现实的层面,成为现实性人权。 | |
| 461 | 0 | @12001 @a京师教育哲学论丛 |
| 510 | 1 | @aHuman rights and education@zeng |
| 606 | 0 | @a人权@x关系@x教育@x研究 |
| 606 | 0 | @a人权 |
| 606 | 0 | @a教育 |
| 690 | @aD082@v4 | |
| 690 | @aG40-05@v4 | |
| 701 | 0 | @a湛卫清@AZhan Wei Qing@4著 |
| 801 | 0 | @aCN@bTANGWEI@c20100428 |
| 905 | @b0592694-98@dD082@e26@f5 | |
| 人权与教育=Human rights and education/湛卫清著.-北京:北京师范大学出版社,2009 |
| 233页;23cm.-(京师教育哲学论丛) |
| ISBN 978-7-303-10188-7:CNY28.00 |
| 本书以教育现场为对象,从人权的视野讨论教育范围的人权问题,并期望更多的人权能够落实到现实的层面,成为现实性人权。 |
| ● |
| 相关链接 |
|
|
|
|
正题名:人权与教育
索取号:D082/26
 
预约/预借
| 序号 | 登录号 | 条形码 | 馆藏地/架位号 | 状态 | 备注 |
| 1 | 0592694 | 205926943 | 第一样本阅览室/ [索取号:D082/26] | 在馆 | |
| 2 | 0592695 | 205926952 | 第一借阅区/ [索取号:D082/26] | 在馆 | |
| 3 | 0592696 | 205926961 | 第一借阅区/ [索取号:D082/26] | 在馆 | |
| 4 | 0592697 | 205926970 | 第一借阅区/ [索取号:D082/26] | 在馆 | |
| 5 | 0592698 | 205926989 | 第一借阅区/ [索取号:D082/26] | 在馆 |